[Event "Championnat de France Accession 2011"]
[Site "Caen"]
[Date "2011.08.21"]
[Round "6.15"]
[White "Brethes, Francois"]
[Black "Favarel, Antoine"]
[Result "0-1"]
[WhiteElo "2213"]
[BlackElo "2235"]
[PlyCount "58"]
[EventDate "2011.??.??"]

1. c4 Nf6 2. g3 e6 3. Bg2 d5 4. Nf3 d4 5. O-O Nc6 6. e3 e5 7. exd4 exd4 8. d3
Be7 9. a3 a5 10. Bg5 O-O 11. Nbd2 h6 12. Bxf6 Bxf6 13. Re1 Bg4 14. h3 Bf5 15.
Ne4 Be7 16. g4 Bg6 17. Ng3 Bd6 18. Qb3 Bxg3 19. fxg3 Qd6 20. Kh2 a4 21. Qc2
Rfe8 22. Nh4 Bh7 23. Re2 Re3 24. Rxe3 dxe3 25. Be4 Bxe4 26. dxe4 Rd8 27. Qg2
Ne5 28. Re1 Qd2 29. Rg1 e2 0-1

[Event "Championnat de France Accession 2011"]
[Site "Caen"]
[Date "2011.08.21"]
[Round "6.16"]
[White "Castro, John"]
[Black "Ouakhir, Mehdi"]
[Result "1-0"]
[WhiteElo "2189"]
[BlackElo "2234"]
[PlyCount "63"]
[EventDate "2011.??.??"]

1. e4 e5 2. Nc3 Nf6 3. Bc4 Nxe4 4. Qh5 Nd6 5. Bb3 Nc6 6. Nb5 g6 7. Qf3 f5 8.
Qd5 Qf6 9. Nxc7+ Kd8 10. Nxa8 b6 11. Qf3 Bb7 12. Qh3 Bxa8 13. Ne2 Bg7 14. d3 h5
15. f3 g5 16. Qg3 f4 17. Qf2 Nf5 18. Bd2 Bf8 19. O-O-O Bc5 20. Qf1 Ne3 21. Bxe3
Bxe3+ 22. Kb1 g4 23. Bd5 Kc8 24. h3 gxf3 25. Qxf3 h4 26. Rhf1 Rh6 27. d4 exd4
28. Nxf4 Qd6 29. Ne2 Kc7 30. Bb3 Bb7 31. Nc3 a6 32. Nd5+ 1-0

[Event "Championnat de France Accession 2011"]
[Site "Caen"]
[Date "2011.08.21"]
[Round "6.17"]
[White "Ternault, Mathieu"]
[Black "Bleunven, Andre"]
[Result "1/2-1/2"]
[WhiteElo "2097"]
[BlackElo "2226"]
[PlyCount "44"]
[EventDate "2011.??.??"]

1. d4 Nf6 2. c4 e6 3. Nc3 Bb4 4. e3 O-O 5. Nge2 d5 6. a3 Be7 7. cxd5 exd5 8. g3
c6 9. Bg2 Na6 10. O-O Nc7 11. Nf4 Re8 12. h3 Bd6 13. Nd3 Bf5 14. b4 a5 15. bxa5
Rxa5 16. Bb2 Qe7 17. a4 Bxd3 18. Qxd3 Bb4 19. Kh2 Rea8 20. Qc2 R5a7 21. Qb3
Nce8 22. Rfb1 Bd6 1/2-1/2

[Event "Championnat de France Accession 2011"]
[Site "Caen"]
[Date "2011.08.21"]
[Round "6.19"]
[White "Kambrath, Yannick"]
[Black "Olivier, Jean-Christophe"]
[Result "0-1"]
[WhiteElo "2132"]
[BlackElo "2388"]
[PlyCount "56"]
[EventDate "2011.??.??"]

1. d4 Nf6 2. c4 e6 3. Nf3 b6 4. a3 d5 5. Nc3 Be7 6. Bg5 O-O 7. Bxf6 Bxf6 8. e4
dxe4 9. Nxe4 Bb7 10. Nxf6+ Qxf6 11. Bd3 c5 12. dxc5 Rd8 13. Qc2 Bxf3 14. gxf3
Nc6 15. O-O-O Nd4 16. Qc3 bxc5 17. Kb1 Rab8 18. Bc2 Rd6 19. Ka2 Rdb6 20. Rb1
Qf4 21. h4 Nxf3 22. Rhd1 Nd4 23. h5 Qxf2 24. Rd2 Qf4 25. Qd3 f5 26. Rg2 e5 27.
b3 e4 28. Qd1 Qe5 0-1

[Event "Championnat de France Accession 2011"]
[Site "Caen"]
[Date "2011.08.21"]
[Round "6.20"]
[White "Godard, Maxence"]
[Black "Lamard, Guillaume"]
[Result "1/2-1/2"]
[WhiteElo "2352"]
[BlackElo "2158"]
[PlyCount "88"]
[EventDate "2011.??.??"]

1. d4 d5 2. c4 e6 3. Nf3 Nf6 4. g3 dxc4 5. Bg2 Nc6 6. O-O Rb8 7. Bg5 Be7 8. e3
O-O 9. Qe2 b5 10. b3 cxb3 11. axb3 a6 12. Nbd2 Rb6 13. Rfc1 h6 14. Bxf6 Bxf6
15. Ne4 e5 16. Nxf6+ Qxf6 17. d5 Ne7 18. Qb2 Nxd5 19. Qxe5 Qxe5 20. Nxe5 Rd6
21. Nc6 Re8 22. Rc5 Ne7 23. Nd4 c6 24. Bxc6 Nxc6 25. Nxc6 Rd3 26. Nd4 Bb7 27.
Kf1 g6 28. h4 h5 29. Rac1 Rd8 30. Ke2 R3xd4 31. exd4 Rxd4 32. Ke3 Rb4 33. R1c3
Kg7 34. Rd3 a5 35. Rc7 Bg2 36. f4 Bh3 37. Ra7 a4 38. bxa4 bxa4 39. Kd2 Be6 40.
Kc3 Rc4+ 41. Kd2 Rb4 42. Ke3 Kf6 43. Ra5 Bf5 44. Rc3 Be6 1/2-1/2

[Event "Championnat de France Accession 2011"]
[Site "Caen"]
[Date "2011.08.21"]
[Round "6.21"]
[White "Mania, Clement"]
[Black "Daurelle, Herve"]
[Result "1-0"]
[WhiteElo "2130"]
[BlackElo "2261"]
[PlyCount "77"]
[EventDate "2011.??.??"]

1. f4 d5 2. Nf3 g6 3. g3 Nf6 4. Bg2 Bg7 5. d3 O-O 6. O-O c5 7. Nc3 d4 8. Ne4
Nxe4 9. dxe4 Nc6 10. a3 Qb6 11. Kh1 a5 12. h3 a4 13. g4 e6 14. e5 Bd7 15. e4
Rad8 16. Qe1 f6 17. exf6 Bxf6 18. Qg3 Ne7 19. e5 Bg7 20. Ng5 Bc6 21. Nxh7 Kxh7
22. Qh4+ Kg8 23. Qxe7 Bxg2+ 24. Kxg2 Qc6+ 25. Kg1 Rd7 26. Qg5 Qe4 27. Bd2 Qxc2
28. Rf2 Qxb2 29. Raf1 Qc2 30. f5 exf5 31. Qxg6 Qb3 32. gxf5 Rdf7 33. f6 Re8 34.
Bh6 Rxe5 35. Bxg7 Qd5 36. Bh6+ Kh8 37. Rg2 Re8 38. Bg7+ Kg8 39. Qh6 1-0

[Event "Championnat de France Accession 2011"]
[Site "Caen"]
[Date "2011.08.21"]
[Round "6.23"]
[White "Peigney, Frederic"]
[Black "Fayard, Alain"]
[Result "0-1"]
[WhiteElo "2174"]
[BlackElo "2219"]
[PlyCount "96"]
[EventDate "2011.??.??"]

1. e4 e5 2. f4 Bc5 3. Nf3 d6 4. Nc3 Nc6 5. Bb5 Bg4 6. Na4 Bb6 7. Nxb6 axb6 8.
O-O Nf6 9. d3 O-O 10. Bxc6 bxc6 11. fxe5 dxe5 12. Qe1 Qd6 13. Qg3 Bxf3 14. Rxf3
Nd7 15. Qh4 Rfe8 16. Be3 Nf8 17. a3 f6 18. Raf1 Re7 19. g4 Ng6 20. Qf2 Rf7 21.
h4 Raf8 22. h5 Ne7 23. h6 g6 24. Bg5 Qe6 25. Bxf6 Qxg4+ 26. Qg2 Qe6 27. Bg7
Rxf3 28. Rxf3 Rf7 29. Rxf7 Kxf7 30. Qf3+ Ke8 31. Qg3 Qa2 32. Bxe5 Qb1+ 33. Kg2
Qxc2+ 34. Kh3 Qd2 35. Bg7 Qe2 36. Bc3 Qh5+ 37. Qh4 Qf3+ 38. Qg3 Qh1+ 39. Qh2
Qf1+ 40. Kg4 Qxd3 41. Qf4 Kd7 42. Kg5 Qh3 43. Qg4+ Qxg4+ 44. Kxg4 Ke6 45. a4 c5
46. Kf4 Nc6 47. b3 Na5 48. Be5 g5+ 0-1

[Event "Championnat de France Accession 2011"]
[Site "Caen"]
[Date "2011.08.21"]
[Round "6.30"]
[White "Bertrand, Quentin"]
[Black "Messinger, Karl"]
[Result "1-0"]
[WhiteElo "2195"]
[BlackElo "1988"]
[PlyCount "55"]
[EventDate "2011.??.??"]

1. e4 c5 2. Nf3 d6 3. d4 cxd4 4. Nxd4 Nf6 5. Nc3 g6 6. Bc4 Bg7 7. O-O O-O 8.
Re1 Nc6 9. Bb3 Bd7 10. Bg5 h6 11. Bh4 Nxd4 12. Qxd4 g5 13. Bg3 Nh5 14. Qd3 Nxg3
15. hxg3 Rc8 16. Rad1 Qa5 17. Nd5 Rfe8 18. c3 Bb5 19. Qd2 Bc4 20. Ne3 b5 21.
Nf5 Qb6 22. Bc2 a5 23. Nxg7 Kxg7 24. b3 Be6 25. Qd3 Rh8 26. e5 dxe5 27. Rxe5
Rc5 28. Qd4 1-0

[Event "Championnat de France Accession 2011"]
[Site "Caen"]
[Date "2011.08.23"]
[Round "7.2"]
[White "Mullon, Jean-Baptiste"]
[Black "Dubessay, Bastien"]
[Result "1-0"]
[WhiteElo "2400"]
[BlackElo "2310"]
[PlyCount "43"]
[EventDate "2011.??.??"]

1. e4 c5 2. Nf3 d6 3. d4 cxd4 4. Qxd4 Nc6 5. Bb5 Bd7 6. Bxc6 Bxc6 7. Nc3 Nf6 8.
Bg5 e6 9. Qd3 Be7 10. Nd4 O-O 11. O-O-O Rc8 12. f4 h6 13. h4 Ng4 14. Qe2 h5 15.
e5 d5 16. Ne4 Bxg5 17. hxg5 dxe4 18. Rxh5 g6 19. Rh3 Nxe5 20. Rdh1 Nd3+ 21.
Qxd3 f5 22. Rh8+ 1-0

[Event "Championnat de France Accession 2011"]
[Site "Caen"]
[Date "2011.08.23"]
[Round "7.3"]
[White "Bujisho, Benjamin"]
[Black "Saada, Julien"]
[Result "1-0"]
[WhiteElo "2369"]
[BlackElo "2310"]
[PlyCount "99"]
[EventDate "2011.??.??"]

1. e4 c6 2. d4 d5 3. Nc3 dxe4 4. Nxe4 Bf5 5. Ng3 Bg6 6. h4 h6 7. Nf3 Nd7 8. h5
Bh7 9. Bd3 Bxd3 10. Qxd3 Qc7 11. Bd2 Ngf6 12. Ne4 e6 13. O-O-O O-O-O 14. g3
Nxe4 15. Qxe4 Nf6 16. Qe2 Bd6 17. c4 c5 18. Bc3 cxd4 19. Nxd4 a6 20. Kb1 Kb8
21. Nb3 Qc6 22. Rh4 Bc7 23. Rc1 Ka8 24. c5 e5 25. Ba5 e4 26. Bxc7 Qxc7 27. c6
Rhe8 28. a4 Rd6 29. cxb7+ Qxb7 30. Nc5 Qc8 31. Nxe4 Rc6 32. Rxc6 Qxc6 33. f3
Re5 34. Rf4 Rxh5 35. Nxf6 gxf6 36. Re4 Re5 37. Qd3 Rxe4 38. Qxe4 Kb7 39. b4 f5
40. Qxc6+ Kxc6 41. Kc2 Kd5 42. Kd3 f4 43. g4 f6 44. a5 Kc6 45. Kc4 f5 46. gxf5
h5 47. f6 Kd6 48. f7 Ke7 49. b5 axb5+ 50. Kxb5 1-0

[Event "Championnat de France Accession 2011"]
[Site "Caen"]
[Date "2011.08.23"]
[Round "7.4"]
[White "Lerch, Patrice"]
[Black "Fantinel, Thibault"]
[Result "1-0"]
[WhiteElo "2356"]
[BlackElo "2266"]
[PlyCount "45"]
[EventDate "2011.??.??"]

1. e4 c5 2. Nc3 Nc6 3. g3 g6 4. Bg2 Bg7 5. d3 d6 6. Nge2 h5 7. h3 Bd7 8. Be3
Rb8 9. d4 cxd4 10. Nxd4 Ne5 11. b3 Nf6 12. Qd2 a6 13. Nd5 Nc6 14. O-O O-O 15.
Rac1 b5 16. Ne2 b4 17. c4 Ne8 18. Rfd1 Qc8 19. c5 Bxh3 20. cxd6 Bxg2 21. Nxe7+
Nxe7 22. Rxc8 Nxc8 23. d7 1-0

[Event "Championnat de France Accession 2011"]
[Site "Caen"]
[Date "2011.08.23"]
[Round "7.5"]
[White "Colin, Vincent"]
[Black "Song, Julien"]
[Result "1-0"]
[WhiteElo "2410"]
[BlackElo "2336"]
[PlyCount "61"]
[EventDate "2011.??.??"]

1. c4 d6 2. d4 e5 3. Nf3 e4 4. Ng5 f5 5. Nc3 c6 6. f3 Be7 7. Nh3 Nf6 8. fxe4
Nxe4 9. g3 Nxc3 10. bxc3 Qa5 11. Qd3 Nd7 12. Bg2 Nb6 13. O-O O-O 14. d5 Bd7 15.
Nf4 Qc5+ 16. Be3 Qxc4 17. Rab1 Qxa2 18. Bxb6 axb6 19. dxc6 bxc6 20. Nd5 Bf6 21.
Nxb6 Rab8 22. Qxd6 Rxb6 23. Rxb6 Qa7 24. Kh1 Qxb6 25. Bd5+ cxd5 26. Qxb6 Re8
27. Qd6 Be6 28. Qc6 Bf7 29. Ra1 h6 30. Ra7 Rxe2 31. Rxf7 1-0

[Event "Championnat de France Accession 2011"]
[Site "Caen"]
[Date "2011.08.23"]
[Round "7.6"]
[White "Bissieres, Matthieu"]
[Black "Dionisi, Thomas"]
[Result "1-0"]
[WhiteElo "2352"]
[BlackElo "2191"]
[PlyCount "87"]
[EventDate "2011.??.??"]

1. e4 e5 2. Nf3 f5 3. Nxe5 Qf6 4. d4 d6 5. Nc4 fxe4 6. Nc3 Qg6 7. f3 Nf6 8.
fxe4 Be7 9. e5 Ng4 10. Bd3 Qh5 11. Bf4 O-O 12. Qd2 dxe5 13. Nxe5 Nxe5 14. dxe5
Nc6 15. O-O Nxe5 16. Be2 Ng4 17. Kh1 Be6 18. Bxg4 Qxg4 19. Bxc7 Qc4 20. Rfe1
Bh4 21. Bg3 Bxg3 22. hxg3 Rf6 23. Re4 Qc6 24. Rae1 Raf8 25. Rf4 Rxf4 26. gxf4
Bc4 27. Re4 b5 28. Qd4 Qh6+ 29. Kg1 Qh4 30. Nxb5 Bxb5 31. Qd5+ Kh8 32. Qxb5 h6
33. Qe2 Qf6 34. c4 Qc6 35. Qe3 Rd8 36. b3 Qg6 37. Qe2 Kh7 38. Re6 Qb1+ 39. Kh2
Rd4 40. Qe5 Rd2 41. c5 Rxa2 42. c6 Rd2 43. c7 Qc2 44. Qe4+ 1-0

[Event "Championnat de France Accession 2011"]
[Site "Caen"]
[Date "2011.08.23"]
[Round "7.7"]
[White "Saucey, Michel"]
[Black "Bellahcene, Bilel"]
[Result "1/2-1/2"]
[WhiteElo "2319"]
[BlackElo "2231"]
[PlyCount "68"]
[EventDate "2011.??.??"]

1. d4 Nf6 2. c4 e6 3. Nf3 b6 4. e3 Bb7 5. Bd3 Be7 6. O-O O-O 7. Nc3 d5 8. b3
Nbd7 9. Bb2 c5 10. Qe2 Rc8 11. Rad1 Qc7 12. Ne5 dxc4 13. bxc4 Rfd8 14. Nxd7
Rxd7 15. d5 a6 16. e4 Bd6 17. Na4 Bxh2+ 18. Kh1 b5 19. e5 exd5 20. exf6 g6 21.
Rfe1 Bd6 22. cxb5 c4 23. bxa6 cxd3 24. Qxd3 Bc6 25. Rc1 Qb8 26. Qb3 Bb4 27. Bc3
Bxc3 28. Rxc3 Qxb3 29. axb3 Rd6 30. Rd1 Ra8 31. Nc5 Rxf6 32. f3 Bb5 33. Rxd5
Bxa6 34. Nxa6 Rfxa6 1/2-1/2

[Event "Championnat de France Accession 2011"]
[Site "Caen"]
[Date "2011.08.23"]
[Round "7.8"]
[White "Benitah, Yohan"]
[Black "Alanic, Xavier"]
[Result "1-0"]
[WhiteElo "2392"]
[BlackElo "2264"]
[PlyCount "75"]
[EventDate "2011.??.??"]

1. d4 d5 2. c4 e6 3. Nc3 Nf6 4. cxd5 exd5 5. Bg5 Be7 6. e3 Nbd7 7. Bd3 O-O 8.
Qc2 c5 9. Nge2 h6 10. Bh4 cxd4 11. Nxd4 Nc5 12. Be2 Nce4 13. Nxe4 Nxe4 14. Bxe7
Qxe7 15. O-O Be6 16. Rad1 Qb4 17. a3 Qb6 18. Bf3 Rac8 19. Qe2 Rc5 20. h3 Rfc8
21. Rb1 Bd7 22. Qd3 Nf6 23. Rfe1 g6 24. Qe2 h5 25. Rbd1 Kf8 26. b4 Rc3 27. Qa2
Be6 28. Qb2 Nd7 29. e4 dxe4 30. Bxe4 Kg8 31. Nxe6 Nf6 32. Nd4 R8c4 33. Bb1 Qa6
34. Ba2 Rc8 35. Bb3 Rd3 36. Ne6 Rxd1 37. Rxd1 Ne8 38. Ng5 1-0

[Event "Championnat de France Accession 2011"]
[Site "Caen"]
[Date "2011.08.23"]
[Round "7.9"]
[White "Velten, Paul"]
[Black "Decosse, Jean-Fabien"]
[Result "1-0"]
[WhiteElo "2309"]
[BlackElo "2208"]
[PlyCount "57"]
[EventDate "2011.??.??"]

1. d4 d6 2. Nf3 Nf6 3. c4 Nbd7 4. Nc3 e5 5. g3 Be7 6. Bg2 O-O 7. O-O c6 8. Qc2
Qc7 9. Rd1 a6 10. b3 Re8 11. Bb2 Bd8 12. e3 b6 13. dxe5 dxe5 14. Rd2 Bb7 15.
Rad1 Be7 16. Qf5 Rad8 17. Ne4 g6 18. Nxf6+ Bxf6 19. Qc2 Re7 20. Bh3 Bc8 21. Rd6
Rde8 22. Bxd7 Rxd7 23. Rxf6 Rxd1+ 24. Qxd1 Bg4 25. h3 Kg7 26. hxg4 Kxf6 27.
Nxe5 Ke6 28. Qf3 f6 29. Nxc6 1-0

[Event "Championnat de France Accession 2011"]
[Site "Caen"]
[Date "2011.08.23"]
[Round "7.14"]
[White "Olivier, Jean-Christophe"]
[Black "Mania, Clement"]
[Result "1/2-1/2"]
[WhiteElo "2388"]
[BlackElo "2130"]
[PlyCount "114"]
[EventDate "2011.??.??"]

1. e4 c5 2. Nf3 Nc6 3. d4 cxd4 4. Nxd4 Nf6 5. Nc3 e5 6. Ndb5 d6 7. Bg5 a6 8.
Na3 b5 9. Bxf6 gxf6 10. Nd5 f5 11. c3 Bg7 12. Bd3 Be6 13. Qh5 O-O 14. O-O fxe4
15. Bxe4 f5 16. Nf4 exf4 17. Bxc6 Ra7 18. Nc2 Kh8 19. Rfe1 Be5 20. Nd4 Bc8 21.
Bd5 Qf6 22. Nf3 Be6 23. Rad1 Rg7 24. Nxe5 dxe5 25. Bxe6 Qxe6 26. Qf3 Rfg8 27.
g3 fxg3 28. hxg3 e4 29. Qf4 a5 30. b3 Qf7 31. Rd6 Qc7 32. Qe5 Rf8 33. Re6 Qf7
34. Kf1 Qh5 35. Kg1 Qf7 36. c4 bxc4 37. bxc4 f4 38. Rxe4 fxg3 39. f4 Kg8 40. c5
Rd8 41. Re8+ Qxe8 42. Qxe8+ Rxe8 43. Rxe8+ Kf7 44. Re5 h5 45. Rg5 Rh7 46. Rxg3
Ke6 47. Ra3 Rf7 48. Ra4 Rc7 49. Rxa5 Kf5 50. Kf2 Kxf4 51. Ke2 Ke4 52. Kd2 Kd4
53. c6 Rxc6 54. Rxh5 Ra6 55. Rh4+ Kc5 56. a4 Rg6 57. Rh5+ Kb4 1/2-1/2

[Event "Championnat de France Accession 2011"]
[Site "Caen"]
[Date "2011.08.23"]
[Round "7.16"]
[White "Fayard, Alain"]
[Black "Kirk, Ezra"]
[Result "1-0"]
[WhiteElo "2219"]
[BlackElo "2132"]
[PlyCount "49"]
[EventDate "2011.??.??"]

1. d4 Nf6 2. c4 g6 3. Nc3 Bg7 4. e4 d6 5. Be2 O-O 6. Bg5 Na6 7. f4 Qe8 8. Nf3
Nd7 9. O-O e5 10. dxe5 dxe5 11. f5 Nf6 12. Qe1 Nh5 13. Qh4 f6 14. Be3 g5 15.
Nxg5 fxg5 16. Qxh5 Qxh5 17. Bxh5 Bf6 18. Rad1 c6 19. a3 Be7 20. b4 Kg7 21. Rd3
Kf6 22. Nd1 Nc7 23. Nf2 Kg7 24. Ng4 Bf6 25. Bc5 1-0

[Event "Championnat de France Accession 2011"]
[Site "Caen"]
[Date "2011.08.23"]
[Round "7.18"]
[White "Jeanne, Mickael"]
[Black "Ternault, Mathieu"]
[Result "1/2-1/2"]
[WhiteElo "2204"]
[BlackElo "2097"]
[PlyCount "63"]
[EventDate "2011.??.??"]

1. e4 e6 2. d4 d5 3. Nd2 Nf6 4. e5 Nfd7 5. c3 c5 6. Bd3 Nc6 7. Ne2 cxd4 8. cxd4
f6 9. Nf4 Nxd4 10. Qh5+ Ke7 11. Ng6+ hxg6 12. exf6+ Nxf6 13. Qxh8 Kf7 14. Qh4
e5 15. Nf3 Nxf3+ 16. gxf3 Bf5 17. Bxf5 gxf5 18. Bg5 Qa5+ 19. Kf1 g6 20. Bxf6
Qa6+ 21. Kg2 Qxf6 22. Qa4 Qc6 23. Qb3 Bh6 24. Rhd1 Rd8 25. Rd3 Qb6 26. Qa4 a6
27. Rb3 Qc7 28. Rc3 Qd6 29. Qa5 Rd7 30. Rb3 Bf4 31. Rb6 Qe7 32. Rd1 1/2-1/2

[Event "Championnat de France Accession 2011"]
[Site "Caen"]
[Date "2011.08.23"]
[Round "7.21"]
[White "Billon, Olivier"]
[Black "Amoyal, Pierre"]
[Result "1-0"]
[WhiteElo "2149"]
[BlackElo "2234"]
[PlyCount "31"]
[EventDate "2011.??.??"]

1. e4 e5 2. Nf3 Nc6 3. Bb5 a6 4. Ba4 Nf6 5. O-O Nxe4 6. d4 b5 7. Bb3 d5 8. dxe5
Be6 9. c3 Bc5 10. Nbd2 O-O 11. Qe1 Ng5 12. Nxg5 Qxg5 13. Ne4 Qg6 14. Nxc5 Bh3
15. Bxd5 Rad8 16. Be4 1-0

[Event "Championnat de France Accession 2011"]
[Site "Caen"]
[Date "2011.08.23"]
[Round "7.23"]
[White "Wunderman, Xavier"]
[Black "Brethes, Francois"]
[Result "0-1"]
[WhiteElo "2222"]
[BlackElo "2213"]
[PlyCount "64"]
[EventDate "2011.??.??"]

1. e4 d6 2. Nc3 g6 3. d4 Nf6 4. Nf3 Bg7 5. h3 O-O 6. Be3 a6 7. a4 b6 8. Bc4 e6
9. O-O Bb7 10. Bd3 Nbd7 11. Qe2 c5 12. Rad1 Qc7 13. Rfe1 Rfc8 14. dxc5 bxc5 15.
b3 d5 16. exd5 exd5 17. Bg5 c4 18. bxc4 dxc4 19. Be4 Re8 20. Qd2 Nxe4 21. Nxe4
Bxe4 22. Qxd7 Qxd7 23. Rxd7 Bxc2 24. Rxe8+ Rxe8 25. a5 c3 26. Rd6 h6 27. Be3
Ba4 28. Rxa6 c2 29. Bc1 Rd8 30. Nd2 Bc3 31. Nf1 Rd1 32. Ra8+ Kg7 0-1

[Event "Championnat de France Accession 2011"]
[Site "Caen"]
[Date "2011.08.23"]
[Round "7.25"]
[White "Daurelle, Herve"]
[Black "Bertrand, Quentin"]
[Result "1/2-1/2"]
[WhiteElo "2261"]
[BlackElo "2195"]
[PlyCount "31"]
[EventDate "2011.??.??"]

1. e4 c5 2. Nc3 Nc6 3. Bb5 Nd4 4. Bc4 e6 5. Nge2 Nf6 6. O-O a6 7. a4 d5 8. exd5
exd5 9. Ba2 Bd6 10. Nxd4 cxd4 11. Re1+ Be6 12. Nxd5 Nxd5 13. Bxd5 Bxh2+ 14.
Kxh2 Qxd5 15. Ra3 O-O 16. Qf3 1/2-1/2

[Event "Championnat de France Accession 2011"]
[Site "Caen"]
[Date "2011.08.23"]
[Round "7.31"]
[White "Messinger, Karl"]
[Black "Aubry, Yannis"]
[Result "1-0"]
[WhiteElo "1988"]
[BlackElo "2073"]
[PlyCount "59"]
[EventDate "2011.??.??"]

1. e4 e6 2. d4 d5 3. Nd2 Nf6 4. e5 Nfd7 5. Bd3 c5 6. c3 Nc6 7. Ne2 cxd4 8. cxd4
f6 9. exf6 Nxf6 10. O-O Bd6 11. Nf3 Qc7 12. Nc3 a6 13. Re1 O-O 14. Bg5 Nh5 15.
Bh4 Rxf3 16. Qxf3 Nf4 17. Rad1 Nxd4 18. Bxh7+ Kxh7 19. Rxd4 Bd7 20. g3 Nh3+ 21.
Kg2 Rf8 22. Qh5+ Kg8 23. Kxh3 e5+ 24. Rg4 Rxf2 25. Nxd5 Qa5 26. Rd1 Qa4 27. Ne3
Qe4 28. Qe8+ Bxe8 29. Rxe4 Bc6 30. Rc4 1-0

[Event "Championnat de France Accession 2011"]
[Site "Caen"]
[Date "2011.08.24"]
[Round "8.1"]
[White "Mullon, Jean-Baptiste"]
[Black "Bujisho, Benjamin"]
[Result "1/2-1/2"]
[WhiteElo "2400"]
[BlackElo "2369"]
[PlyCount "125"]
[EventDate "2011.??.??"]

1. e4 c5 2. Nf3 e6 3. Nc3 a6 4. d4 cxd4 5. Nxd4 Ne7 6. Bd3 Nbc6 7. Nxc6 Nxc6 8.
O-O Be7 9. Qh5 d6 10. f4 g6 11. Qe2 O-O 12. Kh1 f5 13. Be3 fxe4 14. Nxe4 Bd7
15. c3 Qc7 16. Rad1 Rae8 17. Qd2 Bc8 18. Bc2 d5 19. Nf2 Bf6 20. Bb3 Bg7 21. Nd3
Kh8 22. Rf2 Rf5 23. h3 b6 24. Ne1 Ref8 25. Nc2 Bh6 26. Rdf1 Bg7 27. Kg1 R5f7
28. Nd4 Nxd4 29. Bxd4 Bxd4 30. Qxd4+ Rg7 31. Rd2 Qc5 32. Rff2 Qxd4 33. cxd4 Rc7
34. Rc2 Rxc2 35. Rxc2 Bd7 36. Rc7 Bb5 37. g3 g5 38. fxg5 Rf3 39. Rc3 Rf1+ 40.
Kg2 Rb1 41. Rc8+ Kg7 42. Rc7+ Kf8 43. Rc2 Bf1+ 44. Kh2 Bd3 45. Rd2 Be4 46. Bd1
Ke7 47. g4 e5 48. dxe5 Ke6 49. Kg3 Kxe5 50. h4 d4 51. h5 d3 52. Bf3 Rc1 53. Rd1
Bxf3 54. Rxc1 d2 55. Rg1 d1=Q 56. Rxd1 Bxd1 57. g6 hxg6 58. h6 Kf6 59. g5+ Kf7
60. Kf4 Bc2 61. b4 Bb1 62. a3 a5 63. Ke5 1/2-1/2

[Event "Championnat de France Accession 2011"]
[Site "Caen"]
[Date "2011.08.24"]
[Round "8.2"]
[White "Tirard, Hugo"]
[Black "Lerch, Patrice"]
[Result "0-1"]
[WhiteElo "2470"]
[BlackElo "2356"]
[PlyCount "74"]
[EventDate "2011.??.??"]

1. e4 c5 2. Nf3 Nc6 3. d4 cxd4 4. Nxd4 g6 5. c4 Bg7 6. Be3 Nf6 7. Nc3 b6 8. Be2
Bb7 9. O-O O-O 10. Ndb5 d6 11. Qd2 Rc8 12. f3 Nd7 13. Rac1 Nc5 14. Rfd1 a6 15.
Na3 Be5 16. Nab1 a5 17. Kh1 Kh8 18. Nd5 Ba8 19. Nbc3 Rg8 20. Nb5 f5 21. exf5
gxf5 22. Bf4 e6 23. Ndc3 Qh4 24. Bxe5+ dxe5 25. Qe1 Qg5 26. Bf1 Rcd8 27. Rd6
Nd3 28. Rxd3 Rxd3 29. Nc7 Re3 30. Qd2 Rd8 31. Qf2 Rxf3 32. Qxf3 Qxc1 33. Nxa8
Nd4 34. Ne2 Nxf3 35. Nxc1 Rd1 36. gxf3 Rxf1+ 37. Kg2 Rxc1 0-1

[Event "Championnat de France Accession 2011"]
[Site "Caen"]
[Date "2011.08.24"]
[Round "8.3"]
[White "Collas, Didier"]
[Black "Colin, Vincent"]
[Result "0-1"]
[WhiteElo "2399"]
[BlackElo "2410"]
[PlyCount "92"]
[EventDate "2011.??.??"]

1. e4 c5 2. Nf3 d6 3. d4 cxd4 4. Nxd4 Nf6 5. Nc3 g6 6. Be3 Bg7 7. f3 O-O 8. Qd2
Nc6 9. O-O-O Nxd4 10. Bxd4 Be6 11. Kb1 Qc7 12. h4 Rfc8 13. h5 Qa5 14. hxg6 fxg6
15. Nd5 Qxd2 16. Nxf6+ Bxf6 17. Rxd2 Bxd4 18. Rxd4 Rc5 19. f4 Kg7 20. g3 Rh5
21. Rxh5 gxh5 22. Be2 Rg8 23. b3 Kf6 24. Rd3 Bg4 25. Bf1 Rg6 26. Kc1 h4 27.
gxh4 Rh6 28. Rg3 Rxh4 29. Kd2 h5 30. Ke3 Rh2 31. Bg2 Bd7 32. e5+ dxe5 33. fxe5+
Kxe5 34. Bxb7 h4 35. Rg2 Rxg2 36. Bxg2 Bf5 37. c3 h3 38. Bc6 Bb1 39. a4 Ba2 40.
b4 Bd5 41. Bxd5 Kxd5 42. Kf3 Kc4 43. a5 e5 44. Kg3 e4 45. Kxh3 e3 46. Kg2 Kxc3
0-1

[Event "Championnat de France Accession 2011"]
[Site "Caen"]
[Date "2011.08.24"]
[Round "8.4"]
[White "Song, Julien"]
[Black "Bissieres, Matthieu"]
[Result "1/2-1/2"]
[WhiteElo "2336"]
[BlackElo "2352"]
[PlyCount "96"]
[EventDate "2011.??.??"]

1. d4 Nf6 2. Nf3 d6 3. Nbd2 Nbd7 4. e4 e5 5. c3 Be7 6. Bd3 O-O 7. O-O c6 8. Re1
exd4 9. cxd4 d5 10. e5 Ne8 11. Qc2 g6 12. Nf1 Ng7 13. Bh6 Nb6 14. Ng3 Bg4 15.
Qe2 Bxf3 16. Qxf3 Bg5 17. Bxg7 Kxg7 18. Qg4 Kh8 19. f4 Bh4 20. Re3 Nc4 21. Bxc4
dxc4 22. Ne2 f5 23. Qf3 Qb6 24. Rb1 Rad8 25. Rc3 Qa6 26. Ra3 Qb6 27. Ra4 Qb5
28. Rxa7 Be7 29. Kh1 Bb4 30. b3 Ba5 31. b4 Bc7 32. Qc3 Bb6 33. Rxb7 Qa6 34.
Rxb6 Qxb6 35. a4 Ra8 36. Qxc4 Rxa4 37. Nc3 Ra7 38. h3 Rd8 39. d5 cxd5 40. Nxd5
Qe6 41. Ne3 Qxc4 42. Nxc4 Rd4 43. Nd6 Ra2 44. b5 Rdd2 45. b6 Rxg2 46. b7 Rh2+
47. Kg1 Rhg2+ 48. Kh1 Rh2+ 1/2-1/2

[Event "Championnat de France Accession 2011"]
[Site "Caen"]
[Date "2011.08.24"]
[Round "8.5"]
[White "Fantinel, Thibault"]
[Black "Benitah, Yohan"]
[Result "1/2-1/2"]
[WhiteElo "2266"]
[BlackElo "2392"]
[PlyCount "184"]
[EventDate "2011.??.??"]

1. c4 e5 2. g3 Nf6 3. Bg2 d5 4. cxd5 Nxd5 5. Nc3 Nb6 6. Nf3 Nc6 7. O-O Be7 8.
a3 a6 9. b4 O-O 10. d3 Be6 11. Bb2 f6 12. Rc1 Qe8 13. Ne4 Nd7 14. d4 Rd8 15.
Qc2 exd4 16. Nxd4 Nxd4 17. Bxd4 c6 18. Qc3 Qf7 19. Nd2 Rc8 20. Qe3 Rfe8 21. Ne4
Bd5 22. Qf4 Nf8 23. Bb6 Ng6 24. Qd2 Ne5 25. Qc3 Nc4 26. Bd4 Rcd8 27. e3 b6 28.
Rfd1 a5 29. bxa5 Bxa3 30. Bxb6 Bxc1 31. Qxc1 Ra8 32. Nc5 Bxg2 33. Rd7 Qh5 34.
Kxg2 Ne5 35. Qd1 Qxd1 36. Rxd1 Nc4 37. Nb7 Nxb6 38. axb6 Reb8 39. Rd7 Ra6 40.
Rc7 Rxb6 41. Na5 c5 42. Rxc5 Rb5 43. Rxb5 Rxb5 44. Nc6 Rb2 45. Kf3 Kf7 46. Nd4
g6 47. Nc6 Ke6 48. Nd4+ Ke5 49. Nc6+ Kd5 50. Nd4 Kc4 51. h4 Kd3 52. Ne6 Kd2 53.
Nf4 Ra2 54. Nh3 Ke1 55. g4 Kf1 56. Kg3 Ke2 57. Nf4+ Ke1 58. Nh3 Kd2 59. Kf3 Kd3
60. Nf4+ Kc4 61. Ne6 Kd5 62. Nf4+ Kd6 63. h5 g5 64. Ne2 Rb2 65. Ng3 Kd5 66. Ne4
Ke5 67. Ng3 Ra2 68. Nf5 Ra4 69. Ng3 Kd5 70. Nf5 Kc4 71. Ke4 Ra2 72. Kf3 Kd3 73.
Ng3 Kd2 74. Ne4+ Ke1 75. Kg3 Ra6 76. Kf3 Kf1 77. Nd2+ Kg1 78. Kg3 Ra4 79. Nf3+
Kf1 80. Nd2+ Ke2 81. Nb3 Ke1 82. Nd4 Ra2 83. Nf3+ Ke2 84. Kg2 Ra4 85. Kg3 Kd3
86. Ne1+ Ke4 87. Nf3 h6 88. Nd2+ Ke5 89. Nf3+ Kd5 90. Nd2 Ke6 91. Nf3 f5 92.
Nd4+ Ke5 1/2-1/2

[Event "Championnat de France Accession 2011"]
[Site "Caen"]
[Date "2011.08.24"]
[Round "8.6"]
[White "Castro, John"]
[Black "Saucey, Michel"]
[Result "1/2-1/2"]
[WhiteElo "2189"]
[BlackElo "2319"]
[PlyCount "65"]
[EventDate "2011.??.??"]

1. e4 g6 2. d4 Bg7 3. c4 c5 4. Nf3 cxd4 5. Nxd4 Nc6 6. Nc2 Qb6 7. Nc3 Bxc3+ 8.
bxc3 Qa5 9. Qd2 Nf6 10. Bd3 d6 11. O-O Be6 12. Nb4 Ne5 13. Nd5 Bxd5 14. cxd5
Rc8 15. Rb1 Qxc3 16. Bb5+ Kd8 17. Qxc3 Rxc3 18. Bb2 Rc2 19. f4 Nc4 20. Bxc4
Rxc4 21. Bxf6 exf6 22. Rxb7 Rc7 23. Rb8+ Rc8 24. Rfb1 Re8 25. R1b7 Rxe4 26.
Rxc8+ Kxc8 27. Rxa7 Rxf4 28. Rxf7 h5 29. a4 f5 30. Rf6 Rxa4 31. Rxd6 g5 32. h3
g4 33. hxg4 1/2-1/2